Iran's Borders Quiz Stats

Quiz Updated Feb 23, 2016

Challenge
Share
Tweet
Embed
Score 0/7 Timer 01:00
10 Plays Today
Country % Correct
Iraq
99.1%
Afghanistan
87.6%
Pakistan
83.6%
Turkey
69.1%
Turkmenistan
63.4%
Azerbaijan
59%
Armenia
56.1%

You're not logged in!

Compare scores with friends on all Sporcle quizzes.
Join for Free
OR
Log In

You Might Also Like...

Show Comments

Extras

Top Quizzes Today


Score Distribution

Your Account Isn't Verified!

In order to create a playlist on Sporcle, you need to verify the email address you used during registration. Go to your Sporcle Settings to finish the process.

Report this User

Report this user for behavior that violates our Community Guidelines.

Details: